| 000 | 00448cam a2200157ua 4500 | ||
|---|---|---|---|
| 003 | OSt | ||
| 005 | 20260124144553.0 | ||
| 008 | 260124b |||||||| |||| 00| 0 eng d | ||
| 082 |
_a630.710954 _bNAI/AG |
||
| 100 |
_aNaik, K.C . _91619 |
||
| 245 | _aAgricultural Education in India : Institutes and Organisations/ | ||
| 250 | _a1 / | ||
| 260 |
_aNew Delhi : _bIndian Council for Agricultural Research , _c1961. |
||
| 300 | _a178 ; . | ||
| 942 | _cREF | ||
| 999 |
_c2557 _d2557 |
||